[Event "Irish International Open 2019"]
[Site "Dublin"]
[Date "2019.04.21"]
[Round "7.7"]
[White "Epishin, Vladimir"]
[Black "Mihalik, Agoston"]
[Result "1-0"]
[WhiteElo "2568"]
[BlackElo "2203"]
[Annotator "TA"]
[PlyCount "93"]
[EventDate "2019.02.28"]
[EventType "swiss"]
[EventCountry "IRL"]
[SourceTitle "playchess.com"]
[Source "ChessBase"]
[SourceQuality "1"]

{[%evp 10,93,-1,-2,11,14,17,15,12,9,4,12,34,32,54,39,41,41,56,37,53,47,54,43,51,46,83,56,59,47,75,47,68,66,64,79,78,54,63,28,33,26,44,49,52,48,52,24,39,6,22,21,62,68,103,93,93,93,117,121,383,368,372,343,865,664,639,635,1201,2212,2200,2052,1386,1198,1464,840,923,913,899,931,29988,29989,29989,29990,29992,29991]} 1. c4 Nf6 2. Nc3 e6 3. d4 Bb4 4. Bd2 O-O 5. Nf3 b6 6. e3 Bxc3 {E21: Nimzo-Indian: 4 Nf3} (6... Bb7 7. Bd3 d6 8. O-O Nbd7 9. a3 Bxc3 10. Bxc3 Ne4 11. Rc1 Qe7 12. Nd2 Nxc3 13. Rxc3 e5 14. d5 f5 15. f4 g6 16. Bc2 c6 17. dxc6 Bxc6 18. Nf3 Kh8 {½-½ (43) Braun,A (2598)-Donchenko,A (2604) chess.com INT 2019}) 7. Bxc3 Ne4 8. Bb4 d6 {The position is equal.} 9. Nd2 $146 ({Predecessor:} 9. Bd3 Bb7 10. O-O a5 11. Ba3 Na6 12. Nd2 f5 13. f3 Qg5 14. Qe2 Nxd2 15. Qxd2 {½-½ (52) Costa,J (2410)-Marinelli,T (2365) Brno 1991}) 9... Nxd2 10. Qxd2 c5 11. Bc3 Qe7 12. Be2 $36 {[%mdl 2048] Black is under pressure.} Bb7 13. O-O Nd7 14. Rfd1 Rfd8 15. f3 Nf8 16. Bf1 Ng6 17. Qf2 Rd7 18. Rd2 Rad8 19. Rad1 f5 20. b4 cxd4 21. exd4 Rc8 22. Bb2 Rdc7 23. Rc2 e5 24. Qe3 e4 25. d5 Ne5 26. Bxe5 Qxe5 27. fxe4 fxe4 28. Rd4 Re8 29. Rf2 Bc8 30. Be2 Rce7 31. Rd1 g6 32. c5 bxc5 33. bxc5 dxc5 34. d6 Rd7 $2 {[%mdl 8192]} (34... Rg7 $16) 35. Bb5 Red8 36. Qb3+ Kg7 $2 (36... Kh8) 37. Bxd7 Rxd7 38. Rd5 Qe6 39. Qc3+ {[%mdl 64] Double Attack} Kh6 40. Qe3+ Kg7 {[#]} 41. Qf4 $3 {[%csl Gf2][%cal Rf4f8][%mdl 512]} Rd8 42. Rxc5 e3 43. Rc7+ Kg8 44. Re2 {Hoping for Qh4!} Rxd6 45. Rxe3 {White mates.} Rd1+ {[#]} 46. Kf2 $1 Qxa2+ 47. Re2 {Accuracy: White = 67%, Black = 33%.} 1-0

[Event "Irish International Open 2019"]
[Site "Dublin"]
[Date "2019.04.21"]
[Round "7.8"]
[White "Schut, Han"]
[Black "Jackson, James P"]
[Result "0-1"]
[WhiteElo "2173"]
[BlackElo "2388"]
[Annotator "NA"]
[PlyCount "134"]
[EventDate "2019.02.28"]
[EventType "swiss"]
[EventCountry "IRL"]
[SourceTitle "playchess.com"]
[Source "ChessBase"]
[SourceQuality "1"]
[TimeControl "5400+30"]

1. e4 {[%emt 0:00:28]} e5 {[%emt 0:00:00]} 2. Nf3 {[%emt 0:00:06]} Nc6 {[%emt 0:00:00]} 3. Bc4 {[%emt 0:00:15]} Nf6 {[%emt 0:00:00]} 4. d4 {[%emt 0:00:35]} exd4 {[%emt 0:00:04]} 5. e5 {[%emt 0:00:11]} d5 {[%emt 0:00:04]} 6. Bb5 {[%emt 0:00:09]} Ne4 {[%emt 0:00:06]} 7. Nxd4 {[%emt 0:00:12]} Bc5 {[%emt 0:00:04]} 8. Be3 {[%emt 0:00:20]} O-O {[%emt 0:00:08]} 9. Nxc6 {[%emt 0:00:43]} bxc6 {[%emt 0:00:05]} 10. Bxc5 {[%emt 0:00:06]} Nxc5 {[%emt 0:00:06]} 11. Bxc6 {[%emt 0:00:08]} Rb8 {[%emt 0:00:03]} 12. Qxd5 {[%emt 0:00:27]} Qe7 {[%emt 0:00:06]} 13. O-O {[%emt 0:00:25]} Rxb2 {[%emt 0:00:56]} 14. Nc3 {[%emt 0:01:01]} Rd8 {[%emt 0:00:23]} 15. Qf3 {[%emt 0:03:53]} Ne6 {[%emt 0:07:21]} 16. Qe3 {[%emt 0:09:01]} Rxc2 {[%emt 0:03:40]} 17. Rfc1 {[%emt 0:41:37]} Rcd2 {[%emt 0:11:48]} 18. Ne4 {[%emt 0:15:53]} R2d3 {[%emt 0:06:26]} 19. Qe1 {[%emt 0:02:40]} Nd4 {[%emt 0:07:33]} 20. Ng3 {[%emt 0:09:02]} Nxc6 {[%emt 0:13:41]} 21. Rxc6 {[%emt 0:00:14]} Bb7 {[%emt 0:00:18]} 22. Rc3 {[%emt 0:03:34]} R3d5 {[%emt 0:07:11]} 23. Re3 {[%emt 0:02:03]} Re8 {[%emt 0:06:37]} 24. Rb1 {[%emt 0:01:41]} Ba8 {[%emt 0:00:57]} 25. f4 {[%emt 0:01:01]} Qc5 {[%emt 0:03:23]} 26. Kh1 {[%emt 0:03:43]} Red8 {[%emt 0:02:30]} 27. h3 {[%emt 0:01:29]} Qc2 {[%emt 0:11:43]} 28. Re2 {[%emt 0:00:54]} Qa4 {[%emt 0:00:08]} 29. Qf2 {[%emt 0:00:46]} Rd3 {[%emt 0:02:52]} 30. Kh2 {[%emt 0:00:56]} Qd4 {[%emt 0:03:06]} 31. Nf5 {[%emt 0:01:16]} Qxf2 {[%emt 0:00:56]} 32. Rxf2 {[%emt 0:00:01]} Be4 {[%emt 0:00:56]} 33. Nh4 {[%emt 0:01:03]} Rxh3+ {[%emt 0:02:35]} 34. Kxh3 {[%emt 0:00:02]} Bxb1 {[%emt 0:00:09]} 35. Nf3 {[%emt 0:00:58]} Be4 {[%emt 0:00:27]} 36. Nd2 {[%emt 0:00:33]} Bd5 {[%emt 0:00:06]} 37. Nf1 {[%emt 0:00:12]} Kf8 {[%emt 0:12:02]} 38. Rc2 {[%emt 0:00:15]} Rd7 {[%emt 0:00:00]} 39. Ne3 {[%emt 0:00:16]} Be4 {[%emt 0:00:00]} 40. Rc4 {[%emt 0:01:08]} Bb1 {[%emt 0:00:00]} 41. Kg3 {[%emt 0:00:21]} Ke8 {[%emt 0:00:00]} 42. Ra4 {[%emt 0:00:37]} c6 {[%emt 0:00:00]} 43. Nc4 {[%emt 0:00:29]} Ke7 {[%emt 0:00:00]} 44. Nd6 {[%emt 0:00:13]} Rc7 {[%emt 0:00:00]} 45. Rb4 {[%emt 0:00:58]} Bxa2 {[%emt 0:00:00]} 46. Nf5+ {[%emt 0:00:04]} Ke6 {[%emt 0:00:00]} 47. Nxg7+ {[%emt 0:00:06]} Kd5 {[%emt 0:00:00]} 48. Nf5 {[%emt 0:00:27]} c5 {[%emt 0:00:00]} 49. Ra4 {[%emt 0:00:49]} Bb3 {[%emt 0:00:00]} 50. Ne3+ {[%emt 0:00:49]} Kc6 {[%emt 0:00:00]} 51. Ra6+ {[%emt 0:00:16]} Kb5 {[%emt 0:01:45]} 52. Rf6 {[%emt 0:00:57]} a5 {[%emt 0:00:06]} 53. Nf5 {[%emt 0:00:33]} a4 {[%emt 0:00:30]} 54. Nd6+ {[%emt 0:00:01]} Kb4 {[%emt 0:00:28]} 55. f5 {[%emt 0:00:58]} a3 {[%emt 0:01:15]} 56. Nxf7 {[%emt 0:00:24]} Bxf7 {[%emt 0:01:05]} 57. Rb6+ {[%emt 0:00:30]} Ka5 {[%emt 0:00:18]} 58. Rb8 {[%emt 0:00:01]} Bd5 {[%emt 0:00:14]} 59. Rb1 {[%emt 0:00:49]} a2 {[%emt 0:01:44]} 60. Ra1 {[%emt 0:00:02]} Rg7+ {[%emt 0:00:56]} 61. Kf4 {[%emt 0:00:05]} Rxg2 {[%emt 0:00:04]} 62. e6 {[%emt 0:00:05]} Re2 {[%emt 0:00:08]} 63. Kg5 {[%emt 0:00:12]} Kb4 {[%emt 0:00:15]} 64. Kf6 {[%emt 0:00:06]} Kb3 {[%emt 0:00:18]} 65. Rd1 {[%emt 0:00:53]} Bxe6 {[%emt 0:02:36]} 66. fxe6 {[%emt 0:00:11]} Kb2 {[%emt 0:00:03]} 67. e7 {[%emt 0:00:17]} Rxe7 {[%emt 0:00:20]} 0-1

[Event "Irish International Open 2019"]
[Site "Dublin"]
[Date "2019.04.21"]
[Round "7.9"]
[White "Fitzsimons, David"]
[Black "Han, Yichen"]
[Result "0-1"]
[WhiteElo "2299"]
[BlackElo "2190"]
[Annotator "NA"]
[PlyCount "144"]
[EventDate "2019.02.28"]
[EventType "swiss"]
[EventCountry "IRL"]
[SourceTitle "playchess.com"]
[Source "ChessBase"]
[SourceQuality "1"]
[TimeControl "5400+30"]

1. e4 {[%emt 1:30:30]} c5 {[%emt 0:00:00]} 2. Nf3 {[%emt 0:00:00]} d6 {[%emt 0:00:00]} 3. c3 {[%emt 0:00:00]} Nf6 {[%emt 0:00:05]} 4. Be2 {[%emt 0:00:00]} Nc6 {[%emt 0:00:25]} 5. d4 {[%emt 0:00:00]} cxd4 {[%emt 0:00:52]} 6. cxd4 {[%emt 0:00:00]} e6 {[%emt 0:01:08]} 7. Nc3 {[%emt 0:00:00]} Be7 {[%emt 0:00:14]} 8. Be3 {[%emt 0:00:00]} d5 {[%emt 0:01:34]} 9. e5 {[%emt 0:00:00]} Nd7 {[%emt 0:00:10]} 10. Bd3 {[%emt 0:00:00]} f6 {[%emt 0:09:59]} 11. exf6 {[%emt 0:00:00]} Nxf6 {[%emt 0:02:27]} 12. O-O {[%emt 0:00:00]} O-O {[%emt 0:02:32]} 13. h3 {[%emt 0:00:00]} Bd6 {[%emt 0:04:41]} 14. Rc1 {[%emt 0:00:00]} Qe8 {[%emt 0:08:27]} 15. Re1 {[%emt 0:00:00]} Qh5 {[%emt 0:04:00]} 16. a3 {[%emt 0:00:00]} a6 {[%emt 0:03:28]} 17. b4 {[%emt 0:00:00]} Bd7 {[%emt 0:09:12]} 18. Na4 {[%emt 0:00:00]} e5 {[%emt 0:08:04]} 19. Be2 {[%emt 0:00:00]} exd4 {[%emt 0:07:01]} 20. Nxd4 {[%emt 0:00:00]} Qg6 {[%emt 0:01:02]} 21. Kh1 {[%emt 0:00:00]} Ne4 {[%emt 0:01:27]} 22. Nf3 {[%emt 0:00:00]} d4 {[%emt 0:03:54]} 23. Bxd4 {[%emt 0:00:00]} Nxd4 {[%emt 0:02:19]} 24. Qxd4 {[%emt 0:00:00]} Nxf2+ {[%emt 0:04:56]} 25. Qxf2 {[%emt 0:00:00]} Bxa4 {[%emt 0:00:09]} 26. Bc4+ {[%emt 0:00:00]} Kh8 {[%emt 0:00:05]} 27. Re6 {[%emt 0:00:00]} Qg3 {[%emt 0:03:08]} 28. Qxg3 {[%emt 0:00:00]} Be5 {[%emt 0:22:41]} 29. Qf4 Bxf4 {[%emt 0:00:00]} 30. Bd5 {[%emt 0:00:00]} Bg3 {[%emt 0:00:00]} 31. Rf1 {[%emt 0:00:00]} Rac8 {[%emt 0:00:00]} 32. Rc1 {[%emt 0:15:30]} Bb5 33. Rb1 {[%emt 0:00:00]} Rc7 {[%emt 0:00:00]} 34. Rb6 {[%emt 0:00:00]} Rfc8 {[%emt 0:00:00]} 35. Bxb7 {[%emt 0:00:00]} Rb8 {[%emt 0:00:00]} 36. a4 {[%emt 0:00:00]} Bxa4 {[%emt 0:00:00]} 37. Ra1 {[%emt 0:00:00]} Bb5 {[%emt 0:00:00]} 38. Bxa6 {[%emt 0:00:00]} Rxb6 {[%emt 0:00:00]} 39. Bxb5 {[%emt 0:00:00]} g6 {[%emt 0:00:00]} 40. Bf1 {[%emt 0:00:00]} Rxb4 {[%emt 0:00:00]} 41. Ng5 {[%emt 0:00:00]} Rcb7 {[%emt 0:00:00]} 42. Kg1 {[%emt 0:00:00]} Kg7 {[%emt 0:00:00]} 43. Ra3 {[%emt 0:00:00]} Rb3 {[%emt 0:00:00]} 44. Ra6 {[%emt 0:00:00]} Rb1 {[%emt 0:00:50]} 45. Ra3 {[%emt 0:00:00]} Bd6 {[%emt 0:01:32]} 46. Rf3 {[%emt 0:00:00]} Re1 {[%emt 0:01:38]} 47. Kf2 {[%emt 0:00:00]} Re5 {[%emt 0:00:17]} 48. h4 {[%emt 0:00:00]} h6 {[%emt 0:00:30]} 49. Nh3 {[%emt 0:00:00]} Rf7 {[%emt 0:00:22]} 50. Rxf7+ {[%emt 0:00:00]} Kxf7 {[%emt 0:00:02]} 51. Bd3 {[%emt 0:00:00]} Ra5 {[%emt 0:00:43]} 52. Be2 {[%emt 0:00:00]} Ra3 {[%emt 0:00:53]} 53. Bf3 {[%emt 0:00:00]} Kf6 {[%emt 0:00:52]} 54. g4 {[%emt 0:00:00]} Ra2+ {[%emt 0:00:39]} 55. Be2 {[%emt 0:01:03]} Bg3+ {[%emt 0:00:54]} 56. Kxg3 {[%emt 0:00:13]} Rxe2 {[%emt 0:00:04]} 57. Kf4 {[%emt 0:02:50]} Ra2 {[%emt 0:00:35]} 58. g5+ {[%emt 0:04:48]} hxg5+ {[%emt 0:00:04]} 59. Nxg5 {[%emt 0:00:20]} Ra4+ {[%emt 0:00:47]} 60. Kg3 {[%emt 0:00:00]} Kf5 {[%emt 0:00:19]} 61. Nf7 {[%emt 0:00:01]} Ra3+ {[%emt 0:00:41]} 62. Kg2 {[%emt 0:00:00]} Kg4 {[%emt 0:00:39]} 63. Ne5+ {[%emt 0:00:01]} Kh5 {[%emt 0:00:17]} 64. Kf2 {[%emt 0:00:23]} Ra4 {[%emt 0:00:23]} 65. Nf3 {[%emt 0:06:51]} Rf4 {[%emt 0:00:12]} 66. Kg3 {[%emt 0:00:00]} Rxf3+ {[%emt 0:00:18]} 67. Kxf3 {[%emt 0:00:00]} Kxh4 {[%emt 0:00:07]} 68. Kf2 {[%emt 0:00:00]} Kh3 {[%emt 0:00:20]} 69. Kf3 {[%emt 0:00:00]} g5 {[%emt 0:00:10]} 70. Kf2 {[%emt 0:00:00]} g4 {[%emt 0:00:13]} 71. Kg1 {[%emt 0:00:00]} Kg3 {[%emt 0:00:06]} 72. Kh1 {[%emt 0:00:00]} Kf2 {[%emt 0:00:07]} 0-1

[Event "Irish International Open 2019"]
[Site "Dublin"]
[Date "2019.04.21"]
[Round "7.10"]
[White "Burns-Mannion, Stephen"]
[Black "Menzies, Colin"]
[Result "1/2-1/2"]
[WhiteElo "2285"]
[BlackElo "2183"]
[Annotator "NA"]
[PlyCount "85"]
[EventDate "2019.02.28"]
[EventType "swiss"]
[EventCountry "IRL"]
[SourceTitle "playchess.com"]
[Source "ChessBase"]
[SourceQuality "1"]
[TimeControl "5400+30"]

1. e4 {[%emt 1:30:30]} c6 {[%emt 0:00:23]} 2. d4 {[%emt 0:00:00]} d5 {[%emt 0:00:03]} 3. e5 {[%emt 0:00:00]} Bf5 {[%emt 0:00:06]} 4. Nf3 {[%emt 0:00:00]} e6 {[%emt 0:00:11]} 5. Be2 {[%emt 0:00:00]} c5 {[%emt 0:00:16]} 6. Be3 {[%emt 0:00:00]} Nd7 {[%emt 0:08:01]} 7. O-O {[%emt 0:00:00]} c4 {[%emt 0:02:10]} 8. b3 {[%emt 0:00:00]} b5 {[%emt 0:00:26]} 9. a4 {[%emt 0:00:00]} a6 {[%emt 0:01:01]} 10. axb5 {[%emt 0:00:00]} axb5 {[%emt 0:00:12]} 11. Rxa8 {[%emt 0:00:00]} Qxa8 {[%emt 0:00:08]} 12. Nh4 {[%emt 0:00:00]} Bg6 {[%emt 0:06:50]} 13. Nc3 {[%emt 0:00:00]} Qc6 {[%emt 0:11:19]} 14. Nxg6 {[%emt 0:00:00]} hxg6 {[%emt 0:00:28]} 15. Qa1 {[%emt 0:00:00]} Bb4 {[%emt 0:09:50]} 16. bxc4 {[%emt 0:00:00]} bxc4 {[%emt 0:04:55]} 17. Rb1 {[%emt 0:00:00]} Bxc3 {[%emt 0:00:17]} 18. Qxc3 {[%emt 0:00:00]} Ne7 {[%emt 0:00:38]} 19. Qa3 {[%emt 0:00:00]} f6 {[%emt 0:03:31]} 20. Bf4 {[%emt 0:00:00]} Kf7 {[%emt 0:05:11]} 21. g4 {[%emt 0:00:00]} g5 {[%emt 0:08:11]} 22. Bg3 {[%emt 0:00:00]} Ra8 {[%emt 0:06:18]} 23. Qe3 {[%emt 0:00:00]} Qa4 {[%emt 0:08:50]} 24. c3 {[%emt 0:00:00]} Ng6 {[%emt 0:06:17]} 25. Kg2 {[%emt 0:00:00]} Qc2 {[%emt 0:02:30]} 26. Rb7 {[%emt 0:00:00]} Ke7 {[%emt 0:00:12]} 27. Bf3 {[%emt 0:02:20]} Qd3 {[%emt 0:07:33]} 28. Qe1 {[%emt 0:05:58]} f5 {[%emt 0:01:24]} 29. gxf5 {[%emt 0:00:54]} Qxf5 {[%emt 0:00:10]} 30. h3 {[%emt 0:00:18]} Nh4+ {[%emt 0:03:40]} 31. Bxh4 {[%emt 0:00:24]} gxh4 {[%emt 0:00:01]} 32. Qd2 {[%emt 0:00:52]} Rf8 {[%emt 0:00:31]} 33. Bg4 {[%emt 0:01:34]} Qe4+ {[%emt 0:00:53]} 34. f3 {[%emt 0:01:34]} Qf4 {[%emt 0:01:28]} 35. Qxf4 {[%emt 0:01:15]} Rxf4 {[%emt 0:00:01]} 36. Kf2 {[%emt 0:00:10]} Rf8 {[%emt 0:00:08]} 37. Ke3 {[%emt 0:00:10]} Ra8 {[%emt 0:00:20]} 38. f4 {[%emt 0:00:12]} g6 {[%emt 0:02:15]} 39. Rb2 {[%emt 0:01:20]} Ra1 {[%emt 0:00:34]} 40. Kd2 {[%emt 0:01:33]} Rf1 {[%emt 0:00:34]} 41. Ke3 {[%emt 0:00:46]} Rc1 {[%emt 0:00:10]} 42. Kd2 {[%emt 0:00:21]} Rf1 {[%emt 0:00:04]} 43. Ke3 {[%emt 0:00:42]} 1/2-1/2

[Event "Irish International Open 2019"]
[Site "Dublin"]
[Date "2019.04.21"]
[Round "7.11"]
[White "Doyle, Hugh"]
[Black "Pulkkinen, Kari"]
[Result "1/2-1/2"]
[WhiteElo "2042"]
[BlackElo "2265"]
[Annotator "NA"]
[PlyCount "100"]
[EventDate "2019.02.28"]
[EventType "swiss"]
[EventCountry "IRL"]
[SourceTitle "playchess.com"]
[Source "ChessBase"]
[SourceQuality "1"]
[TimeControl "5400+30"]

1. Nf3 {[%emt 0:00:10]} c5 {[%emt 0:00:00]} 2. g3 {[%emt 0:03:10]} Nc6 {[%emt 0:00:15]} 3. c4 {[%emt 0:00:15]} g6 {[%emt 0:00:23]} 4. Bg2 {[%emt 0:00:41]} Bg7 {[%emt 0:00:12]} 5. O-O {[%emt 0:02:20]} d6 {[%emt 0:00:37]} 6. Nc3 {[%emt 0:00:47]} e6 {[%emt 0:00:26]} 7. e3 {[%emt 0:12:23]} Nge7 {[%emt 0:00:34]} 8. d4 {[%emt 0:00:07]} O-O {[%emt 0:00:41]} 9. dxc5 {[%emt 0:08:30]} dxc5 {[%emt 0:00:26]} 10. Qe2 {[%emt 0:03:02]} a6 {[%emt 0:04:36]} 11. Rd1 {[%emt 0:02:59]} Qc7 {[%emt 0:00:08]} 12. Bd2 {[%emt 0:03:34]} Rb8 {[%emt 0:05:09]} 13. Ne4 {[%emt 0:05:17]} b6 {[%emt 0:05:31]} 14. Bc3 {[%emt 0:01:36]} e5 {[%emt 0:01:23]} 15. Nd6 {[%emt 0:03:43]} Bg4 {[%emt 0:05:08]} 16. Ne4 {[%emt 0:10:44]} h6 {[%emt 0:02:51]} 17. h3 {[%emt 0:03:18]} Bxf3 {[%emt 1:10:10]} 18. Qxf3 {[%emt 0:01:08]} f5 {[%emt 0:00:00]} 19. Nd2 {[%emt 0:00:48]} e4 {[%emt 0:00:00]} 20. Qe2 {[%emt 0:00:10]} Bxc3 {[%emt 0:00:00]} 21. bxc3 {[%emt 0:00:10]} Qe5 {[%emt 0:00:00]} 22. Rac1 {[%emt 0:01:08]} Rbd8 {[%emt 0:00:00]} 23. Nb1 {[%emt 0:00:11]} Qe6 {[%emt 0:00:00]} 24. f4 {[%emt 0:05:22]} exf3 {[%emt 0:00:00]} 25. Bxf3 {[%emt 0:00:08]} Ne5 {[%emt 0:00:00]} 26. Na3 {[%emt 0:00:05]} Nxf3+ {[%emt 0:00:00]} 27. Qxf3 {[%emt 0:00:09]} Rfe8 {[%emt 0:00:00]} 28. Kf2 {[%emt 0:00:59]} Nc6 {[%emt 0:00:00]} 29. Rxd8 {[%emt 0:00:14]} Rxd8 {[%emt 0:00:00]} 30. Rd1 {[%emt 0:00:11]} Rxd1 {[%emt 0:00:00]} 31. Qxd1 {[%emt 0:00:06]} Kf7 {[%emt 0:00:00]} 32. Qd5 {[%emt 0:01:17]} Ne7 {[%emt 0:00:00]} 33. Qxe6+ {[%emt 0:02:57]} Kxe6 {[%emt 0:00:00]} 34. Nb1 {[%emt 0:00:05]} Nc8 {[%emt 0:00:00]} 35. Nd2 {[%emt 0:00:15]} Nd6 {[%emt 0:00:00]} 36. a4 {[%emt 0:10:41]} Ke5 {[%emt 0:00:00]} 37. Kf3 {[%emt 0:00:28]} g5 {[%emt 0:00:00]} 38. g4 {[%emt 0:05:02]} Kf6 {[%emt 0:00:00]} 39. Kg3 {[%emt 0:05:29]} fxg4 {[%emt 0:00:00]} 40. hxg4 {[%emt 0:01:14]} Kg6 {[%emt 0:00:00]} 41. e4 {[%emt 0:00:11]} Kf6 {[%emt 0:00:00]} 42. Kf2 {[%emt 0:01:42]} Ke6 {[%emt 0:00:00]} 43. Ke2 {[%emt 0:00:33]} a5 {[%emt 0:00:00]} 44. Kf2 {[%emt 0:00:50]} Ne8 {[%emt 0:00:00]} 45. Nf1 {[%emt 0:01:44]} Nf6 {[%emt 0:00:00]} 46. Kf3 {[%emt 0:00:09]} Ke5 {[%emt 0:00:00]} 47. Ng3 {[%emt 0:00:38]} Ne8 {[%emt 0:00:00]} 48. Nf5 {[%emt 0:00:25]} Nd6 {[%emt 0:00:00]} 49. Nxd6 {[%emt 0:01:26]} Kxd6 {[%emt 0:00:00]} 50. Kg3 {[%emt 0:00:16]} Ke5 {[%emt 0:00:00]} 1/2-1/2

[Event "Irish International Open 2019"]
[Site "Dublin"]
[Date "2019.04.21"]
[Round "7.12"]
[White "Horvath, Gabor"]
[Black "Reprun, Nadejda"]
[Result "1/2-1/2"]
[WhiteElo "2252"]
[BlackElo "1995"]
[Annotator "NA"]
[PlyCount "40"]
[EventDate "2019.02.28"]
[EventType "swiss"]
[EventCountry "IRL"]
[SourceTitle "playchess.com"]
[Source "ChessBase"]
[SourceQuality "1"]
[TimeControl "5400+30"]

1. e4 {[%emt 0:00:00]} c6 {[%emt 0:00:18]} 2. d4 {[%emt 0:00:00]} d5 {[%emt 0:00:03]} 3. e5 {[%emt 0:00:00]} c5 {[%emt 0:00:05]} 4. Nf3 {[%emt 0:00:00]} e6 {[%emt 0:00:39]} 5. c3 {[%emt 0:00:43]} Nc6 {[%emt 0:00:55]} 6. Bd3 {[%emt 0:00:28]} Nge7 {[%emt 0:01:27]} 7. O-O {[%emt 0:01:40]} Ng6 {[%emt 0:00:39]} 8. g3 {[%emt 0:04:47]} Bd7 {[%emt 0:16:37]} 9. Re1 {[%emt 0:01:09]} Qb6 {[%emt 0:01:31]} 10. dxc5 {[%emt 0:12:29]} Bxc5 {[%emt 0:00:20]} 11. Re2 {[%emt 0:00:18]} O-O {[%emt 0:05:37]} 12. b4 {[%emt 0:11:24]} Be7 {[%emt 0:00:41]} 13. b5 {[%emt 0:16:48]} Na5 {[%emt 0:02:51]} 14. a4 {[%emt 0:00:37]} Rac8 {[%emt 0:06:56]} 15. h4 {[%emt 0:13:25]} f6 {[%emt 0:04:24]} 16. Be3 {[%emt 0:08:18]} Bc5 {[%emt 0:08:35]} 17. Bxc5 {[%emt 0:06:30]} Qxc5 {[%emt 0:02:05]} 18. Raa2 {[%emt 0:01:55]} Nc4 {[%emt 0:04:17]} 19. Bxg6 {[%emt 0:02:55]} hxg6 {[%emt 0:00:09]} 20. Qd3 {[%emt 0:01:05]} Nxe5 {[%emt 0:06:06]} 1/2-1/2

[Event "Irish International Open 2019"]
[Site "Dublin"]
[Date "2019.04.21"]
[Round "7.13"]
[White "Buonanno, Raffaele"]
[Black "Thorarinsson, Pall A."]
[Result "1/2-1/2"]
[WhiteElo "2091"]
[BlackElo "2246"]
[Annotator "NA"]
[PlyCount "56"]
[EventDate "2019.02.28"]
[EventType "swiss"]
[EventCountry "IRL"]
[SourceTitle "playchess.com"]
[Source "ChessBase"]
[SourceQuality "1"]
[TimeControl "5400+30"]

1. d4 {[%emt 0:01:45]} d5 {[%emt 0:06:15]} 2. c4 {[%emt 0:00:13]} dxc4 {[%emt 0:01:29]} 3. e4 {[%emt 0:00:13]} Nf6 {[%emt 0:01:29]} 4. e5 {[%emt 0:00:47]} Nd5 {[%emt 0:00:06]} 5. Bxc4 {[%emt 0:00:04]} Nb6 {[%emt 0:01:32]} 6. Bd3 {[%emt 0:00:07]} Nc6 {[%emt 0:00:12]} 7. Ne2 {[%emt 0:00:11]} Be6 {[%emt 0:02:01]} 8. b3 {[%emt 0:07:09]} Nb4 {[%emt 0:02:49]} 9. Be4 {[%emt 0:00:51]} Bd5 {[%emt 0:00:27]} 10. Nbc3 {[%emt 0:00:41]} Bxe4 {[%emt 0:00:27]} 11. Nxe4 {[%emt 0:00:06]} e6 {[%emt 0:00:05]} 12. O-O {[%emt 0:00:18]} Be7 {[%emt 0:04:02]} 13. Bb2 {[%emt 0:00:09]} N4d5 {[%emt 0:01:06]} 14. Qd3 {[%emt 0:02:15]} O-O {[%emt 0:04:32]} 15. f4 {[%emt 0:02:19]} Rc8 {[%emt 0:10:06]} 16. f5 {[%emt 0:10:20]} exf5 {[%emt 0:01:16]} 17. Rxf5 {[%emt 0:00:06]} g6 {[%emt 0:00:05]} 18. Rf3 {[%emt 0:01:45]} f5 {[%emt 0:01:49]} 19. exf6 {[%emt 0:02:37]} Nxf6 {[%emt 0:00:16]} 20. Nc5 {[%emt 0:01:52]} Bxc5 {[%emt 0:03:05]} 21. dxc5 {[%emt 0:16:17]} Qxd3 {[%emt 0:00:09]} 22. Rxd3 {[%emt 0:00:04]} Nbd5 {[%emt 0:00:07]} 23. Rf1 {[%emt 0:00:15]} c6 {[%emt 0:00:56]} 24. a3 {[%emt 0:08:19]} Ne4 {[%emt 0:01:19]} 25. Rxf8+ {[%emt 0:03:39]} Rxf8 {[%emt 0:00:07]} 26. Bd4 {[%emt 0:00:16]} Re8 {[%emt 0:03:21]} 27. Kf1 {[%emt 0:01:46]} a6 {[%emt 0:08:40]} 28. g3 {[%emt 0:01:17]} Rf8+ {[%emt 0:01:39]} 1/2-1/2